More Or Less At The Box Office: MCU Quiz Stats

 Plays Quiz not verified by Sporcle

Support Sporcle.
Go Orange.
Score 0/23 Timer 04:00
1 Play Today
MCU Film: (M)ore or (L)ess? % Correct
????
100%
????
95.1%
????
93%
????
92%
????
91.6%
????
90.3%
????
89.9%
????
89.1%
????
86%
????
84.8%
????
84.4%
????
84.1%
MCU Film: (M)ore or (L)ess? % Correct
????
83.4%
????
83.2%
????
80.2%
????
78.1%
????
75%
????
74.6%
????
72.7%
????
70.6%
????
67.1%
????
44.8%
????
28.5%

You're not logged in!

Compare scores with friends on all Sporcle quizzes.
OR
Log In

From the Vault

Friends-ified Country Names II

by NO_r_WAY

We're not entirely sure if this makes them all friends, though. Politics are complicated.
Remove Ads.
Support Sporcle.
Get the best of Sporcle when you Go Orange. This ad-free experience offers more features, more stats, and more fun while also helping to support Sporcle. Thank you for becoming a member.

Show Comments

Extras

Top Quizzes Today


Score Distribution

Your Account Isn't Verified!

In order to create a playlist on Sporcle, you need to verify the email address you used during registration. Go to your Sporcle Settings to finish the process.

Report this User

Report this user for behavior that violates our Community Guidelines.

Details: